000 00668cam a22002413a 4500
001 18950
003 PGUSA
005 20140828083413.0
008 060731s2006||||xxu|||||s|||||000 | eng d
040 _aPGUSA
_beng
042 _adc
050 4 _aPS
100 1 _aGregory, Jackson,
_d1882-1943
245 1 4 _aThe Short Cut
_h[electronic resource] /
_cJackson Gregory
260 _bProject Gutenberg,
_c2006
506 _aPublic domain in the USA.
516 _aElectronic text
653 _aWestern stories
700 1 _aJohnson, Frank Tenney,
_d1874-1939
830 0 _aProject Gutenberg
_v18950
856 4 0 _uhttp://www.gutenberg.org/ebooks/18950
942 _cEB
999 _c248205
_d248205